Масс-спектрометрическая установка для анализа газообразных продуктов разрушения полимеров высокочастотной плазмы; Приборы и техника эксперимента; № 4

Dades bibliogràfiques
Parent link:Приборы и техника эксперимента/ Российская академия наук.— , 1956-
№ 4.— 1977.— С. 213-214
Autor principal: Тихомиров И. А. Иван Арсентьевич
Altres autors: Тихонов Г. С. Геннадий Степанович, Клименов В. А. Василий Александрович
Idioma:rus
Publicat: 1977
Matèries:
Format: MixedMaterials Capítol de llibre
KOHA link:https://koha.lib.tpu.ru/cgi-bin/koha/opac-detail.pl?biblionumber=505013

MARC

LEADER 00000naa2a2200000 4500
001 505013
005 20240212115714.0
035 |a (RuTPU)RU\TPU\prd\175830 
035 |a RU\TPU\prd\86194 
090 |a 505013 
100 |a 20130418a1977 k y0rusy50 ca 
101 0 |a rus 
102 |a RU 
200 1 |a Масс-спектрометрическая установка для анализа газообразных продуктов разрушения полимеров высокочастотной плазмы  |f И. А. Тихомиров, Г. С. Тихонов, В. А. Клименов 
320 |a Библиогр.: с. 214 (8 назв.) 
461 1 |0 (RuTPU)RU\TPU\prd\300  |t Приборы и техника эксперимента  |f Российская академия наук  |d 1956- 
463 1 |0 (RuTPU)RU\TPU\prd\36427  |t № 4  |v С. 213-214  |d 1977 
610 1 |a труды учёных ТПУ 
675 |a 623.776  |v 3 
675 |a 77.021.137  |v 3 
700 1 |a Тихомиров  |b И. А.  |c российский физик  |c доктор физико-математических наук, профессор Томского политехнического университета  |f 1921-2010  |g Иван Арсентьевич  |3 (RuTPU)RU\TPU\pers\18334 
701 1 |a Тихонов  |b Г. С.  |c физик  |c доцент Томского политехнического университета  |f 1940-  |g Геннадий Степанович  |3 (RuTPU)RU\TPU\pers\30567  |4 070 
701 1 |a Клименов  |b В. А.  |c специалист в области неразрушающего контроля  |c профессор Томского политехнического университета, доктор технических наук  |c проректор-директор Института неразрушающего контроля Томского политехнического университета  |f 1951-  |g Василий Александрович  |3 (RuTPU)RU\TPU\pers\27985  |4 070  |9 12975 
801 1 |a RU  |b 63413507  |c 20030106  |g PSBO 
801 2 |a RU  |b 63413507  |c 20130418  |g PSBO 
942 |c BK